书目信息 |
| 题名: |
中国英语教学史
|
|
| 作者: | 李良佑 编著 | |
| 分册: | ||
| 出版信息: | 上海 上海外语教育出版社 1988.8 |
|
| 页数: | 690页 | |
| 开本: | 20cm | |
| 丛书名: | ||
| 单 册: | ||
| 中图分类: | H319 , G529 | |
| 科图分类: | ||
| 主题词: | 教育事业--世界 | |
| 电子资源: | ||
| ISBN: | 7-81009-323-1 | |
| 000 | 00737nam0 2200253 45 | |
| 001 | 0189029896 | |
| 005 | 20040424160432.5 | |
| 010 | @a7-81009-323-1@dCNY6.70 | |
| 020 | @aCN@b89029896 | |
| 100 | @a19911017d1988 m y0chiy0120 ea | |
| 101 | 0 | @achi |
| 102 | @aCN@b310000 | |
| 105 | @ay z 000yy | |
| 106 | @ar | |
| 200 | 10 | @a中国英语教学史@Azhong guo ying yu jiao xue shi@f李良佑等编著@Fli liang you deng bian zhu |
| 210 | @a上海@c上海外语教育出版社@d1988.8 | |
| 215 | @a690页@d20cm | |
| 540 | 1 | @a中国 英语 教学史@Azhong guo ying yu jiao xue shi |
| 606 | 0 | @a教育事业@x世界 |
| 690 | @aH319@v1980 | |
| 690 | @aG529 | |
| 701 | 0 | @a李良佑@Ali liang you@4编著 |
| 801 | 0 | @aCN@bNLC@c19911017 |
| 905 | @f1@b218706@dG529@e34 | |
| 中国英语教学史/李良佑等编著.-上海:上海外语教育出版社,1988.8 |
| 690页;20cm |
| ISBN 7-81009-323-1:CNY6.70 |
| ● |
| 相关链接 |
|
|
|
|
正题名:中国英语教学史
索取号:G529/34
 
预约/预借
| 序号 | 登录号 | 条形码 | 馆藏地/架位号 | 状态 | 备注 |
| 1 | 0218706 | 000463581 | 第四借阅区/ [索取号:G529/34] | 在馆 | |
| 2 | 0218707 | 002063518 | 第一样本阅览室/ [索取号:G529/34] | 在馆 |